| 000 | 00525nam a2200157Ia 4500 | ||
|---|---|---|---|
| 008 | 230718s9999 xx 000 0 und d | ||
| 041 | _aeng | ||
| 082 |
_a650.54 _bBAN |
||
| 100 |
_aBansal R. _9106283 |
||
| 245 |
_aStay Hungry Stay Foolish _bThe Inspiring Stories Of IIM Ahmedabad Graduates Who Chose To Tread A Path Of Their Own Making |
||
| 260 |
_c2008 _bIIM Ahmedabad / Westland Itd |
||
| 300 | _a325 | ||
| 365 |
_cRs. _b150.00 |
||
| 700 |
_aBansal R. _9106283 |
||
| 906 |
_dO:0446611-Mar-2015B:753320-Feb-2015 _cGENRL _b33 |
||
| 999 |
_c339278 _d339278 |
||